Henry the Eight
Guardat en:
| Autor principal: | |
|---|---|
| Format: | Llibre |
| Idioma: | anglès |
| Publicat: |
Londres
Jonathan Cape
1929
|
| Edició: | 1a. ed |
| Matèries: | |
| Etiquetes: |
Afegir etiqueta
Sense etiquetes, Sigues el primer a etiquetar aquest registre!
|
MARC
| LEADER | 00000nam a2200000 a 4500 | ||
|---|---|---|---|
| 001 | UCJ6378 | ||
| 003 | CL-VaPUC | ||
| 005 | 20220426130451.0 | ||
| 008 | 070124e19290000UK |||||||||||||||||eng|d | ||
| 999 | |c 322484 |d 322482 | ||
| 040 | |c Pontificia Universidad Católica de Valparaíso | ||
| 082 | 0 | 4 | |a 923 |b HAC |2 21 |
| 100 | 0 | |a Hackett, Francis |e author |9 512972 | |
| 245 | 1 | 0 | |a Henry the Eight |
| 250 | |a 1a. ed | ||
| 260 | |a Londres |b Jonathan Cape |c 1929 | ||
| 300 | |a 543 p | ||
| 500 | |a Iconografía conforme a lo señalado en índice | ||
| 583 | |a last modification |c 20070124 00:00:00 |k Rodrigo Vera | ||
| 600 | 0 | 7 | |a ENRIQUE VIII DE INGLATERRA |2 CL-VaPUC |9 512934 |
| 600 | 0 | 7 | |a CATALINA DE ARAGON |2 CL-VaPUC |9 512936 |
| 600 | 0 | 7 | |a BOLENA, ANA |2 CL-VaPUC |9 512935 |
| 600 | 0 | 7 | |a CROMWELL, THOMAS |2 CL-VaPUC |9 512973 |
| 600 | 0 | 7 | |a Moro, Tomás, |d 1478-1535 |q More, Thomas |9 455757 |
| 600 | 0 | 7 | |a SEYMOUR, JANE |2 CL-VaPUC |9 512974 |
| 600 | 0 | 7 | |a HOWARD, CATHERINE |2 CL-VaPUC |9 512975 |
| 650 | 7 | |a BIOGRAFIA |2 CL-VaPUC |9 504622 | |
| 650 | 0 | |a Iconografía |9 267998 | |
| 942 | |c BK |2 ddc | ||
| 945 | |d 20070124 00:00:00 |a rinostro | ||
| 952 | |0 0 |1 0 |4 0 |6 923_000000000000000_HAC_1929 |7 0 |8 X |9 401485 |a FDOBUD |b FDOBUD |d 2019-11-22 |i 1047337 |o 923 HAC 1929 |p 1047337 |r 2019-11-22 |w 2019-11-22 |y BK_X |k BUD | ||